HL7/CDA инфраструктура для проектирования и предоставления телемедицинских услуг и документов медицинского назначения при организации единого информационного пространства; Современные техника и технологии; Т. 1

Podrobná bibliografie
Parent link:Современные техника и технологии: сборник трудов XV Международной научно-практической конференции студентов, аспирантов и молодых ученых, Томск, 4-8 мая 2009 г/ Национальный исследовательский Томский политехнический университет (ТПУ).— , 2009
Т. 1.— 2009.— [С. 588-590]
Hlavní autor: Фам Ван Тап
Další autoři: Пономарев А. А. Алексей Анатольевич (научный руководитель)
Shrnutí:Заглавие с титульного листа
Электронная версия печатной публикации
Jazyk:ruština
Vydáno: 2009
Edice:Системы и приборы медицинского назначения
Témata:
On-line přístup:http://www.lib.tpu.ru/fulltext/c/2009/C01/V1/296.pdf
Médium: MixedMaterials Elektronický zdroj Kapitola
KOHA link:https://koha.lib.tpu.ru/cgi-bin/koha/opac-detail.pl?biblionumber=243659

MARC

LEADER 00000naa2a2200000 4500
001 243659
005 20251218164000.0
035 |a (RuTPU)RU\TPU\book\265009 
035 |a RU\TPU\book\265005 
090 |a 243659 
100 |a 20131003d2009 k y0rusy50 ca 
101 0 |a rus 
102 |a RU 
135 |a drnn ---uucaa 
181 0 |a i  
182 0 |a b 
200 1 |a HL7/CDA инфраструктура для проектирования и предоставления телемедицинских услуг и документов медицинского назначения при организации единого информационного пространства  |f Фам Ван Тап  |g науч. рук. А. А. Пономарев 
203 |a Текст  |c электронный 
215 |a 1 файл (403 Кб) 
225 1 |a Системы и приборы медицинского назначения 
300 |a Заглавие с титульного листа 
300 |a Электронная версия печатной публикации 
337 |a Adobe Reader 
461 0 |0 (RuTPU)RU\TPU\book\261117  |t Современные техника и технологии  |o сборник трудов XV Международной научно-практической конференции студентов, аспирантов и молодых ученых, Томск, 4-8 мая 2009 г  |o в 3 т.  |f Национальный исследовательский Томский политехнический университет (ТПУ)  |d 2009 
463 0 |0 (RuTPU)RU\TPU\book\261157  |t Т. 1  |v [С. 588-590]  |d 2009 
610 1 |a электронный ресурс 
610 1 |a труды учёных ТПУ 
610 1 |a телекоммуникационные технологии 
610 1 |a медицина 
610 1 |a документация 
610 1 |a телемедицина 
610 1 |a услуги 
610 1 |a единое информационное пространство 
610 1 |a инфраструктура 
610 1 |a HL7/CDA 
610 1 |a проектирование 
700 0 |a Фам Ван Тап  |c специалист в области автоматики и компьютерных систем  |c аспирант Томского политехнического университета  |f 1981-  |3 (RuTPU)RU\TPU\pers\27091 
702 1 |a Пономарев  |b А. А.  |c специалист в области информатики и вычислительной техники  |c доцент Томского политехнического университета, кандидат технических наук  |f 1979-  |g Алексей Анатольевич  |3 (RuTPU)RU\TPU\pers\25944  |4 727  |9 11794 
801 1 |a RU  |b 63413507  |c 20130617 
801 2 |a RU  |b 63413507  |c 20140704  |g RCR 
856 4 |u http://www.lib.tpu.ru/fulltext/c/2009/C01/V1/296.pdf 
942 |c CF